Catalog

Record Details

Catalog Search



A Wallflower Christmas  Cover Image Book Book

A Wallflower Christmas / Lisa Kleypas.

Kleypas, Lisa. (Author).

Summary:

It's Christmastime in London and Rafe Bowman has arrived from America for his arranged meeting with Natalie Blandford, the very proper and beautiful daughter of Lady and Lord Blandford. His chiseled good looks and imposing physique are sure to impress the lady in waiting and, if it weren't for his shocking American ways and wild reputation, her hand would already be guaranteed. Before the courtship can begin, Rafe realizes he must learn the rules of London society. But when four former Wallflowers try their hand at matchmaking, no one knows what will happen. And winning a bride turns out to be more complicated than Rafe Bowman anticipated, especially for a man accustomed to getting anything he wants.

Record details

  • ISBN: 9780312533786
  • ISBN: 0312533780
  • Physical Description: 213 pages ; 22 cm.
  • Edition: 1st edition
  • Publisher: New York : St. Martin's Press, c2008.
Subject: Mate selection > Fiction.
Americans > England > Fiction.
Aristocracy (Social class) > England > Fiction.
London (England) > Fiction.
Great Britain > History > Victoria, 1837-1901 > Fiction.
Christmas stories.
Genre: Love stories.

Available copies

  • 1 of 1 copy available at scottsboropl.

Holds

  • 0 current holds with 1 total copy.
Show Only Available Copies
Location Call Number / Copy Notes Barcode Shelving Location Status Due Date
scottsboropl F Kle 32269000817000 Adult - Fiction Available -

LDR 02164cam a2200373 a 4500
001130846
003SBPL
00520211230155858.0
008080530s2008 nyu 000 1 eng d
010 . ‡a 2008024270
020 . ‡a9780312533786
020 . ‡a0312533780
035 . ‡a(CONS)130846
035 . ‡a(CPomAG)LMN501213
043 . ‡ae-uk-en
05000. ‡aPS3561.L456 ‡bW35 2008
08200. ‡a813/.54 ‡222
1001 . ‡aKleypas, Lisa.
24512. ‡aA Wallflower Christmas / ‡cLisa Kleypas.
250 . ‡a1st edition
260 . ‡aNew York : ‡bSt. Martin's Press, ‡cc2008.
300 . ‡a213 pages ; ‡c22 cm.
520 . ‡aIt's Christmastime in London and Rafe Bowman has arrived from America for his arranged meeting with Natalie Blandford, the very proper and beautiful daughter of Lady and Lord Blandford. His chiseled good looks and imposing physique are sure to impress the lady in waiting and, if it weren't for his shocking American ways and wild reputation, her hand would already be guaranteed. Before the courtship can begin, Rafe realizes he must learn the rules of London society. But when four former Wallflowers try their hand at matchmaking, no one knows what will happen. And winning a bride turns out to be more complicated than Rafe Bowman anticipated, especially for a man accustomed to getting anything he wants.
650 0. ‡aMate selection ‡vFiction.
650 0. ‡aAmericans ‡zEngland ‡vFiction.
650 0. ‡aAristocracy (Social class) ‡zEngland ‡vFiction.
651 0. ‡aLondon (England) ‡vFiction.
651 0. ‡aGreat Britain ‡xHistory ‡yVictoria, 1837-1901 ‡vFiction.
650 0. ‡aChristmas stories.
655 7. ‡aLove stories. ‡2gsafd
901 . ‡a130846 ‡bUnknown ‡c130846 ‡tbiblio

Additional Resources